<?xml version="1.0" encoding="UTF-8"?>
<collection xmlns="http://www.loc.gov/MARC21/slim">
 <record>
  <leader>00718nam a2200205   4500</leader>
  <controlfield tag="001">000008193</controlfield>
  <controlfield tag="003">4377</controlfield>
  <controlfield tag="005">20150812140809.0</controlfield>
  <controlfield tag="008">111014s                               sd</controlfield>
  <datafield tag="245" ind1="0" ind2="0">
   <subfield code="a">Bài tập cơ học ứng dụng</subfield>
   <subfield code="c">Đoàn Xuân Huệ</subfield>
  </datafield>
  <datafield tag="774" ind1=" " ind2=" ">
   <subfield code="a">Đoàn Xuân Huệ</subfield>
   <subfield code="d">Đại học Sư phạm</subfield>
   <subfield code="d">2004</subfield>
   <subfield code="d">H.</subfield>
   <subfield code="g">T.2</subfield>
   <subfield code="h">259 tr</subfield>
   <subfield code="t">Cơ học vật rắn biến dạng</subfield>
   <subfield code="w">4379</subfield>
  </datafield>
  <datafield tag="774" ind1=" " ind2=" ">
   <subfield code="a">Nguyễn Thành Mậu</subfield>
   <subfield code="d">Đại học Sư phạm</subfield>
   <subfield code="d">H.</subfield>
   <subfield code="d">2006</subfield>
   <subfield code="g">T.1</subfield>
   <subfield code="h">356 tr</subfield>
   <subfield code="t">Cơ học vật rắn tuyệt đối</subfield>
   <subfield code="w">4380</subfield>
  </datafield>
  <datafield tag="OWN" ind1=" " ind2=" ">
   <subfield code="a">LSP</subfield>
  </datafield>
  <datafield tag="999" ind1=" " ind2=" ">
   <subfield code="a">From the UDN01</subfield>
  </datafield>
  <datafield tag="TYP" ind1=" " ind2=" ">
   <subfield code="a">Monograph</subfield>
  </datafield>
  <datafield tag="TYP" ind1=" " ind2=" ">
   <subfield code="a">Printed language</subfield>
  </datafield>
  <datafield tag="980" ind1=" " ind2=" ">
   <subfield code="a">Mạng thư viện Đại học Đà Nẵng</subfield>
  </datafield>
 </record>
</collection>
